000 00576nam a22002057a 4500
003 LK-CoDNM
005 20250218093646.0
008 250218b |||||||| |||| 00| 0 eng d
040 _aLK-CoDNM
_dLK-CoDNM
_eLK-CoDNM
041 _aeng
080 _aRC
_b417
100 _aH. C. P. Bell
245 _aFirst Report on the Archeological Survey of Anuradhapura
260 _aColombo
_bGeorge J. A. Skeen, Government Printers, Ceylon
_c1890
300 _axxxiii, 68p : ill ; map ; 33.5 cm
650 _aReport
650 _aHistory
650 _aAnuradhapura
942 _cBK
999 _c238079
_d238079